Detalles MARC
| 000 -LÍDER |
| Campo fijo de descripción fija |
02163nam a2200361 i 4500 |
| 001 - NÚMERO DE CONTROL |
| Campo de control |
768714001 |
| 003 - IDENTIFICADOR DEL NÚMERO DE CONTROL |
| Campo de control |
CO-MdFUSB |
| 005 - FECHA Y HORA DE LA ULTIMA TRANSACCIÓN |
| control field |
20200806150450.0 |
| 007 - CAMPO FIJO DE DESCRIPCIÓN FIJA--INFORMACIÓN GENERAL |
| Campo fijo de descripción fija |
cr aa aaaaa |
| 008 - ELEMENTOS DE LONGITUD FIJA -- INFORMACIÓN GENERAL |
| Campo fijo de descripción fija -- Información general |
200717t2017 us |||| |||| 00| 0 spa d |
| 020 ## - NÚMERO INTERNACIONAL NORMALIZADO PARA LIBROS |
| Número Internacional Normalizado del libro |
9788498059939 |
| Información adicional |
electrónico |
| 040 ## - FUENTE DE CATALOGACIÓN |
| Agencia de catalogación original |
CO-MdFUSB |
| Idioma de catalogación |
spa |
| Agencia que realiza la transcripción |
CO-MdFUSB |
| Agencia que realiza la modificación |
CO-MdFUSBC |
| Convenciones de la descripción |
rda |
| 041 ## - CÓDIGO DE IDIOMA |
| Código de idioma para texto/pista de sonido o título separado |
spa |
| 082 ## - NÚMERO DE CLASIFICACIÓN DECIMAL DEWEY |
| Número de la edición del Dewey |
23 |
| Número de clasificación |
230 |
| 100 ## - ASIENTO PRINCIPAL--NOMBRE PERSONAL |
| Nombre personal |
Abadías Aurín, David, |
| Término relacionador |
autor |
| 245 ## - TÍTULO |
| Título del Material |
Breve historia de los concilios ecuménicos |
| Mención de responsabilidad, etc. |
/ David Abadías |
| Medio físico |
[electrónico] |
| 264 #1 - PRODUCCIÓN, PUBLICACIÓN, DISTRIBUCIÓN, MANUFACTURA, Y COPYRIGHT |
| Lugar de producción, publicación, distribución, manufactura |
Frankfurt am Main : |
| Nombre del productor, publicador, distribuidor |
Centro de Pastoral Litúrgica, |
| Fecha de producción, publicación, distribución, manufactura, o copyright |
[2017] |
| 264 #4 - PRODUCCIÓN, PUBLICACIÓN, DISTRIBUCIÓN, MANUFACTURA, Y COPYRIGHT |
| Fecha de producción, publicación, distribución, manufactura, o copyright |
© 2017 |
| 300 ## - DESCRIPCIÓN FÍSICA |
| Dimensiones |
; |
| 336 ## - TIPO DE CONTENIDO |
| Fuente |
rdacontent |
| Término de tipo de contenido |
texto |
| Código de tipo de contenido |
txt |
| 337 ## - TIPO DE MEDIO |
| Fuente |
rdamedia |
| Nombre del tipo de medio |
informático |
| Código del tipo de medio |
c |
| 338 ## - TIPO DE SOPORTE |
| Fuente |
rdacarrier |
| Nombre del tipo de soporte |
remoto |
| Código Tipo de soporte |
cr |
| 490 ## - MENCIÓN DE SERIE |
| Mención de serie |
Emaús |
| 505 ## - NOTA DE CONTENIDO |
| Nota de contenido con formato preestablecido |
Los concilios ecuménicos de la Iglesia. -- Concilio de Nicea (325). -- Concilio de Constantinopla (381). -- Concilio de Éfeso (431)<br/> I Concilio de Calcedonia (451). -- II Concilio de Constantinopla (553). -- III Concilio de Constantinopla (680-681) y el Concilio de Trullo (692). -- II Concilio de Nicea (787). -- IV Concilio de Constantinopla (869-870). -- I Concilio de Letrán (1123). -- II Concilio de Letrán (1139). -- III Concilio de Letrán (1179). -- IV Concilio de Letrán (1215). -- I Concilio de Lyon (1245)II Concilio de Lyon (1274). -- Concilio de Vienna (1311-1312). -- Concilio de Constanza (1414-1418). -- Concilio de Basilea-Ferrara-Florencia (1431-1445). -- V Concilio de Letrán (1512-1517). -- Concilio de Trento (1545-1563). -- Concilio Vaticano I (1869-1870). -- Concilio Vaticano II (1962-1965). -- Bibliografía consultada. -- Colección Emaús – Últimos títulos |
| 506 ## - NOTA DE RESTRICCIONES DE ACCESO |
| Condiciones de acceso |
Préstamo en biblioteca del libro físico |
| 506 ## - NOTA DE RESTRICCIONES DE ACCESO |
| Condiciones de acceso |
Solicitar clave y usuario para acceder al libro electrónico. |
| 506 ## - NOTA DE RESTRICCIONES DE ACCESO |
| Condiciones de acceso |
Libro multiusuario. |
| 653 ## - TÉRMINO DE INDIZACIÓN - NO CONTROLADO |
| Término no controlado |
Eclesiología |
| 856 ## - LOCALIZACIÓN Y ACCESO ELECTRÓNICOS |
| Numero de Acceso |
2217849 |
| Identificador Uniforme del Recurso |
<a href="http://search.ebscohost.com/login.aspx?direct=true&scope=site&db=nlebk&db=nlabk&AN=2217849">http://search.ebscohost.com/login.aspx?direct=true&scope=site&db=nlebk&db=nlabk&AN=2217849</a> |
| Nota dirigida al público |
<a href="Abrir Versión electrónica del libro Breve historia de los concilios ecuménicos">Abrir Versión electrónica del libro Breve historia de los concilios ecuménicos</a> |
| 942 ## - TIPO DE MATERIAL (KOHA) |
| Tipo de Item KOHA |
Libros General |
| 945 ## - INFORMACIÓN LOCAL DEL REGISTRO |
| Catalogador |
JTF-925 |